NBA Players by Draft Spot - Statistics

General Stats
  • This quiz has been taken 393 times
  • The average score is 3 of 15
Answer Stats
Draft Selection Player % Correct
2011 Pick No.30 Chicago Bulls Jimmy Butler
89%
2003 Pick No.4 Toronto Raptors Chris Bosh
56%
2010 Pick No.5 Sacremento Kings DeMarcus Cousins
48%
2013 Pick No.27 Denver Nuggets Rudy Gobert
40%
2012 Pick No.2 Charlotte Bobcats Michael Kidd-Gilchrist
25%
2000 Pick No.5 Orlando Magic Mike Miller
9%
2003 Pick No.51 New Jersey Nets Kyle Korver
8%
2013 Pick No.9 Utah Jazz Trey Burke
8%
2011 Pick No.16 Philadelphia 76ers Nikola Vucevic
7%
2006 Pick No.47 Utah Jazz Paul Millsap
7%
2013 Pick No.48 Los Angeles Lakers Ryan Kelly
4%
2009 Pick No.27 Memphis Grizzlies DeMarre Carroll
2%
2007 Pick No.18 Golden State Warriors Marco Belinelli
2%
2012 Pick No.26 Indiana Pacers Miles Plumlee
1%
2012 Pick No.37 Toronto Raptors Quincy Acy
1%
No matching quizzes found
Score Distribution
Percent of People with Each Score
Percentile by Number Answered
Your Score History
You have not taken this quiz